000 00868nam a2200217Ia 4500
008 0000002011 it a 0000000000mul00
090 _aPSP00 E77e3
245 1 0 _aEsteban Lisa
_b: opere 19351963
_c/ introduzione Marilena Pasquali
300 _a91 p.
_c/ 22 cm.
500 _aExposición realizada en los meses de marzo y abril de 2011 en la Galleria Torbandena de Trieste, Italia \ Incluye datos biográficos y cronología del artista \ Texto en italiano e inglés
600 0 0 _a LISA, ESTEBAN, 18951983/
_xTRABAJOS PICTORICOS
650 1 4 _a PINTURA ESPAÑOLA
650 1 4 _aARTISTAS PLASTICOS ESPAÑOLES
650 1 4 _xCATALOGOS
650 1 4 _xEXPOSICIONES
650 1 4 _aPINTORES ESPAÑOLES
650 1 4 _aPINTURA ESPAÑOLA
650 1 4 _aSIGLO XX
700 1 _aPasquali, Marilena
999 _c13723
_d13723
260 _aTrieste (Italia) : Edizioni Torbandena
_c2011